Подробности
| 000 -МАРКЕР |
| контрольное поле |
01958nam0a22003011 4500 |
| 001 - ИДЕНТИФИКАТОР ЗАПИСИ |
| контрольное поле |
v19\rc\1221119 |
| 005 - ИДЕНТИФИКАТОР ВЕРСИИ |
| контрольное поле |
20250618021958.0 |
| 035 ## - ДРУГИЕ СИСТЕМНЫЕ НОМЕРА |
| Идентификатор записи |
(NLR Aleph) 004448307 |
| 100 ## - ДАННЫЕ ОБЩЕЙ ОБРАБОТКИ |
| Данные общей обработки |
20060306e18751875|||y0rusy50 ca |
| 101 0# - ЯЗЫК РЕСУРСА |
| Язык текста, звукозаписи и т.д. |
русский |
| 102 ## - СТРАНА ПУБЛИКАЦИИ ИЛИ ПРОИЗВОДСТВА |
| Страна публикации |
Российская Федерация |
| 105 ## - ПОЛЕ КОДИРОВАННЫХ ДАННЫХ: ТЕКСТОВЫЕ МАТЕРИАЛЫ, МОНОГРАФИЧЕСКИЕ |
| Кодированные данные о монографическом текстовом документе |
y z ||||| |
| 200 1# - ЗАГЛАВИЕ И СВЕДЕНИЯ ОБ ОТВЕТСТВЕННОСТИ |
| Основное заглавие |
Разбор сочинения, представленного в Киевское общество естествоиспытателей для соискания премии "Спорырья (Secale cornutum, s. Clavieeps purpurea Tul.); строение, история развития и влияние спорыньи на организм при хроническом отравлении ею кур. Диссертация на степень доктора медицины Владимира Тихомирова. Москва. 1873 г." |
| 210 ## - ПУБЛИКАЦИЯ, РАСПРОСТРАНЕНИЕ И ДР. |
| Место издания, распространения и т.д. |
Киев |
| Имя издателя, распространителя и т. д. |
Унив. тип. |
| Дата издания, распространения и т.д. |
1875 |
| 215 ## - ФИЗИЧЕСКАЯ ХАРАКТЕРИСТИКА |
| Специфическое обозначение материала и объем |
4 с. |
| 300 ## - ОБЩИЕ ПРИМЕЧАНИЯ |
| Текст примечания |
В конце текста авт.: члены комиссии П. Сущинский, Н. Спешнев |
| 309 ## - ПРИМЕЧАНИЯ ОБ ОСНОВНОМ ИСТОЧНИКЕ ИНФОРМАЦИИ И ОБ ОСОБЕННОСТЯХ ПОЛИГРАФИЧЕСКОГО ОФОРМЛЕНИЯ ИЗДАНИЯ |
| Текст примечания |
Без тит. л. и обл. |
| 311 ## - ПРИМЕЧАНИЯ, ОТНОСЯЩИЕСЯ К ПОЛЯМ СВЯЗИ (ПРИМЕЧАНИЯ О СВЯЗИ С ДРУГИМИ ПРОИЗВЕДЕНИЯМИ (ИЗДАНИЯМИ)) |
| Текст примечания |
Отт. из: "Записки Киевск. о-ва естествоиспытателей. 4(1), 1" |
| 488 #0 - ДРУГИЕ ВЗАИМОСВЯЗАННЫЕ ПРОИЗВЕДЕНИЯ (ДОКУМЕНТЫ) |
| Встроенное поле |
2001#$aЗаписки Киевского общества естествоиспытателей$v4(1), 1 |
| Заглавие |
Записки Киевского общества естествоиспытателей |
| 604 ## - ИМЯ И ЗАГЛАВИЕ КАК ПРЕДМЕТ |
| Связываемые данные |
50010$aСпорырья (Secale cornutum, s. Clavieeps purpurea Tul.) |
| -- |
700#1$aТихомиров$bВ.$gВладимир |
| Заглавие |
Спорырья (Secale cornutum, s. Clavieeps purpurea Tul.) |
| Имя лица |
Тихомиров, Владимир |
| 700 #1 - ИМЯ ЛИЦА - ПЕРВИЧНАЯ ОТВЕТСТВЕННОСТЬ |
| Начальный элемент ввода |
Сущинский |
| Часть имени, кроме начального элемента ввода |
П.П. |
| Даты |
1842-1907 |
| Расширение инициалов личного имени |
Петр Петрович |
| 701 #1 - ИМЯ ЛИЦА - АЛЬТЕРНАТИВНАЯ ОТВЕТСТВЕННОСТЬ |
| Начальный элемент ввода |
Спешнев |
| Часть имени, кроме начального элемента ввода |
Н.Н. |
| Расширение инициалов личного имени |
Николай Николаевич |
| 801 #0 - ИСТОЧНИК ЗАПИСИ |
| Страна |
Российская Федерация |
| Организация |
NLR |
| Правила каталогизации |
psbo |
| 801 #1 - ИСТОЧНИК ЗАПИСИ |
| Страна |
Российская Федерация |
| Организация |
ProSoft-M |
| Источник данных |
rusmarc |
| 852 ## - МЕСТОНАХОЖДЕНИЕ И ШИФР ХРАНЕНИЯ |
| Идентификатор организации |
NLR |
| Шифр хранения (Call Number) |
18.124.7.169 |
| 942 ## - ДОПОЛНИТЕЛЬНЫЕ ЭЛЕМЕНТЫ ЗАПИСИ (АБИС) |
| Тип экземпляра АБИС |
Диссертация |
| 980 ## - КОЛЛЕКЦИЯ |
| Название коллекции |
Национальная библиография |